| 000 | 00889cam a2200229 a 4500 | ||
|---|---|---|---|
| 020 | _a925103933X | ||
| 040 | _cDJB | ||
| 082 | _a338 FOO 1997 A077 Or. | ||
| 100 | 1 | _aThomson, Anne Margaret. | |
| 245 | 1 | 0 |
_aImplications of economic policy for food security : _ba training manual / |
| 260 |
_aRome : _bFood and Agriculture Organization of the United Nations, _c1997. |
||
| 300 |
_aviii, 313 p. : _bill. ; _c30 cm. |
||
| 500 | _a"Prepared for the Agricultural Policy Support Service, Policy Assistance Division, FAO and the Deutsche Gesellschaft Für Technische Zusammenarbeit (GTZ)." | ||
| 650 | 0 | _aAgriculture and state | |
| 650 | 0 | _aFood supply | |
| 650 | 0 | _aNutrition policy | |
| 650 | 0 | _aPoor | |
| 700 | 1 | _aMetz, Manfred. | |
| 710 | 2 | _aFood and Agriculture Organization of the United Nations. | |
| 710 | 2 | _aDeutsche Gesellschaft für Technische Zusammenarbeit. | |
| 942 | _cEK | ||
| 999 |
_c15384 _d15384 |
||